000 00291 a2200121 4500
001 18326
082 _a519.7GAL
090 _c13618
_d13618
100 _aGallager, R.G
245 _aInformation theory reliable communication
260 _bJohn wiley
_c1968
500 _aMS textbook Avionics
942 _aNUST-CAE
_k519.7GAL
999 _c253399
_d253399